[Event "ch-UZB Major 2012"]
[Site "Tashkent UZB"]
[Date "2012.05.23"]
[Round "7"]
[White "Artemenko,O"]
[Black "Khamrakulov,D"]
[Result "1/2-1/2"]
[WhiteElo "2298"]
[BlackElo "2457"]

1.d4 Nf6 2.c4 e6 3.Nc3 Bb4 4.Nf3 c5 5.g3 b6 6.Bg2 Bb7 7.O-O cxd4 8.Qxd4 Nc6
9.Qd3 Be7 10.Bf4 O-O 11.a3 d6 12.Rfd1 Qc8 13.b4 Rd8 14.Rac1 h6 15.Nd5 Bf8
16.Nxf6+ gxf6 17.e4 Qc7 18.Qd2 Kh7 19.Qe2 Rac8 20.c5 bxc5 21.bxc5 e5 22.Be3 dxc5
23.Bh3 Rxd1+ 24.Rxd1 Rd8 25.Rxd8 Qxd8 26.Bf5+ Kh8 27.Nh4 Nd4 28.Qh5 Nxf5
29.Nxf5 Bxe4 30.Nxh6 Bxh6 31.Bxh6 Bg6 32.Qh4 Kg8 33.h3 Qd1+ 34.Kh2 Qf3 35.Be3 Be4
36.Qg4+ Qxg4 37.hxg4 c4 38.Bxa7 Bf3 39.Kg1 c3 40.Kf1 Bxg4 41.Ke1 Kf8 42.Bc5+ Ke8
43.Bb4 c2 44.Kd2 Bf5 45.a4 Kd7 46.a5  1/2-1/2

[Event "Asian Nations Chess Cup"]
[Site "Zaozhuang CHN"]
[Date "2012.05.23"]
[Round "6.2"]
[White "Kazhgaleyev,M"]
[Black "Hussein,AH"]
[Result "1-0"]
[WhiteElo "2595"]
[BlackElo "2343"]

1.d4 Nf6 2.c4 e6 3.Nc3 Bb4 4.Nf3 O-O 5.Bg5 d6 6.e3 Bxc3+ 7.bxc3 Qe7 8.Nd2 h6
9.Bh4 e5 10.Be2 Nbd7 11.O-O Re8 12.Qc2 Nf8 13.Bd3 g5 14.Bg3 e4 15.Be2 Ng6
16.f4 exf3 17.Bxf3 g4 18.Be2 Nh5 19.Bf2 Bd7 20.c5 d5 21.c4 c6 22.Rab1 Rab8
23.Bd3 Qg5 24.Rb3 Nh4 25.Bxh4 Qxh4 26.Bf5 Qe7 27.cxd5 Bxf5 28.Rxf5 Ng7 29.d6 Qd8
30.Rf1 Re6 31.e4 Qg5 32.e5 f5 33.Nc4 f4 34.Qd2 Rf8 35.d5 cxd5 36.Qxd5 Kh8
37.Rb2 Ref6 38.Qxb7 f3 39.c6  1-0

[Event "Caissa IM May 2012"]
[Site "Kecskemet HUN"]
[Date "2012.05.24"]
[Round "6.1"]
[White "Kojima,S"]
[Black "Kantor,G"]
[Result "1/2-1/2"]
[WhiteElo "2264"]
[BlackElo "2336"]

1.Nf3 Nf6 2.c4 e6 3.Nc3 Bb4 4.d4 O-O 5.Bg5 h6 6.Bh4 c5 7.Rc1 cxd4 8.Nxd4 Nc6
9.e3 a6 10.Be2 Be7 11.O-O d6 12.Qd2 e5 13.Nb3 Ne8 14.Bxe7 Nxe7 15.Rfd1 Be6
16.Ne4 Nf5 17.Bg4 Nh4 18.Be2 Nf5 19.g4 Nh4 20.Nxd6 Qg5 21.f4 exf4 22.exf4 Qg6
23.Qd3 Nxd6 24.Qxg6 Nxg6 25.Rxd6 Nxf4 26.Bf3 Rad8 27.Rxd8 Rxd8 28.c5 Rd3
29.Rc3 Rxc3 30.bxc3 Bd5 31.Bxd5 Nxd5 32.Na5 Nxc3 33.Nxb7 Nd5 34.Kf2 Kf8 35.Kf3 Ke7
36.Nd6 g6  1/2-1/2

[Event "ch-UZB Major 2012"]
[Site "Tashkent UZB"]
[Date "2012.05.25"]
[Round "9"]
[White "Artemenko,O"]
[Black "Khoroshev,N"]
[Result "0-1"]
[WhiteElo "2298"]
[BlackElo "2319"]

1.d4 Nf6 2.c4 e6 3.Nc3 Bb4 4.Nf3 O-O 5.Bg5 d6 6.Qc2 Nbd7 7.e3 h6 8.Bh4 b6
9.Bd3 Bb7 10.O-O Bxc3 11.Qxc3 Qe8 12.Nd2 e5 13.f4 exf4 14.exf4 Qe6 15.Rae1 Qg4
16.Bg3 Rae8 17.h3 Qh5 18.d5 c6 19.dxc6 Qc5+ 20.Bf2 Qxc6 21.Nf3 Nc5 22.Bd4 Nfe4
23.Bxe4 Nxe4 24.Rxe4 Rxe4 25.Bxg7 Rxc4 26.Qf6 d5 27.Qxc6 Bxc6 28.Bxf8 Kxf8
29.Ne5 Rc2 30.Rf2 Rc1+ 31.Kh2 f6 32.Nf3 Rd1 33.Rc2 Bb5 34.Rc7 d4 35.Rxa7 d3
36.Kg3 d2 37.Rc7 Rc1  0-1

[Event "Vlado Andriusaicio Rapid A 2012"]
[Site "Vilnius LTU"]
[Date "2012.05.26"]
[Round "5"]
[White "Sevrukas,G"]
[Black "Bagdzius,G"]
[Result "1-0"]
[WhiteElo "2095"]
[BlackElo "1998"]

1.d4 e6 2.c4 Nf6 3.Nc3 Bb4 4.Nf3 Bxc3+ 5.bxc3 b6 6.Bg5 h6 7.Bh4 d6 8.e3 Nbd7
9.Bd3 Qe7 10.Be4 Rb8 11.Bd3 Bb7 12.O-O O-O 13.Nd2 e5 14.f3 Rfe8 15.e4 Nf8
16.a4 a5 17.Bf2 Ng6 18.g3 Bc6 19.Re1 Bd7 20.Nf1 Nh7 21.Ne3 Ng5 22.Nf5 Qf6
23.Kg2 Bxf5 24.exf5 Ne7 25.Qc2 g6 26.h4 Nh7 27.fxg6 fxg6 28.Be3 Nf5 29.dxe5 dxe5
30.h5 Rf8 31.hxg6 Nxe3+ 32.Rxe3 Ng5 33.Be4 Kg7 34.Rae1 Qe6 35.g4 Rbe8 36.Bf5 Qxc4
37.Rxe5 Qf4 38.Qe2 Rd8 39.Re7+ Kf6 40.Qe5+ Qxe5 41.R1xe5 Rd2+ 42.Re2 h5 43.f4 Rxe2+
44.Rxe2 hxg4 45.Bxg4 Kxg6 46.fxg5 Kxg5 47.Bf3 Rd8 48.Re7 Rd2+ 49.Kg3 c5 50.Re3 Kf5
51.Bc6 Rc2 52.Bb5 Rc1 53.c4 Rg1+ 54.Kf2 Rg6 55.Re8 Kf4 56.Rf8+ Ke4 57.Rc8 Kd3
58.Rd8+ Kc3 59.Kf3 Re6 60.Kf4 Kb4 61.Rd5 Kc3 62.Kf5 Re7 63.Rd6  1-0

[Event "Albena Masters Open 2012"]
[Site "Albena BUL"]
[Date "2012.05.27"]
[Round "2.48"]
[White "Ivanov,Do"]
[Black "Schiendorfer,F"]
[Result "1-0"]
[WhiteElo "1808"]
[BlackElo "2176"]

1.c4 Nf6 2.d4 e6 3.Nc3 Bb4 4.Nf3 b6 5.Bg5 h6 6.Bxf6 Qxf6 7.e3 Bb7 8.Be2 O-O
9.O-O Bxc3 10.bxc3 d6 11.Qd3 e5 12.Nd2 Re8 13.e4 Nc6 14.d5 Ne7 15.g3 g5 16.Bh5 Ng6
17.Bxg6 fxg6 18.Rae1 Rf8 19.Re3 Qg7 20.Rf3 Qd7 21.Re1 Rxf3 22.Nxf3 Qa4 23.h4 g4
24.Nh2 Rf8 25.Nxg4 h5 26.Ne3 Qxa2 27.Rf1 Bc8 28.f4 Bh3 29.Rf2 Qa4 30.f5 gxf5
31.exf5 Qe8 32.Kh2 Bg4 33.Qe4 Rf7 34.Nxg4 hxg4 35.Qxg4+  1-0

[Event "ch-UZB Major 2012"]
[Site "Tashkent UZB"]
[Date "2012.05.27"]
[Round "11"]
[White "Artemenko,O"]
[Black "Barsov,A"]
[Result "0-1"]
[WhiteElo "2298"]
[BlackElo "2538"]

1.d4 Nf6 2.c4 e6 3.Nc3 Bb4 4.Nf3 d5 5.cxd5 exd5 6.Bg5 Nbd7 7.e3 c5 8.Be2 Qa5
9.O-O O-O 10.Nd2 Bxc3 11.bxc3 Qxc3 12.Rc1 Qa3 13.dxc5 Qxa2 14.Nb1 Ne4 15.Bf4 Qa5
16.f3 Nef6 17.Nc3 Nxc5 18.Bd6 Re8 19.Nxd5 Ne6 20.Nxf6+ gxf6 21.Qb3 Bd7 22.Qb2 Qb6
23.Qxb6 axb6 24.Rb1 Nd4 25.exd4 Rxe2 26.Rf2 Rxf2 27.Kxf2 Ra2+ 28.Kg3 b5 29.h4 Rd2
30.Bc5 Kg7 31.Ra1 h5 32.Ra8 Be6 33.Rd8 Bc4 34.Rd7 Kg6 35.Kf4 Rxg2 36.Rxb7 Rh2
37.Kg3 Rd2 38.Kf4 Rd3 39.Rd7 Bb3 40.Rd8 Bd1 41.Ke4 Bc2 42.Kf4 Bd1 43.Ke4 Rc3
44.Rg8+ Kh7 45.Rg3 Bc2+ 46.Kf4 Bg6 47.Rg2 Kg7 48.Rb2 Bc2 49.Rxb5 Bd1 50.Rb1 Bxf3
51.Rg1+ Bg4 52.Rg3 Rc1 53.Re3 Rh1 54.d5 Rxh4 55.d6 Bd7+ 56.Kg3 Rc4 57.Ba3 h4+
58.Kf2 h3 59.Kg3 Rg4+ 60.Kh2 Rg2+ 61.Kh1 Rc2 62.Rg3+ Kh7  0-1

[Event "6th ENCI Limburg Open 2012"]
[Site "Limburg NED"]
[Date "2012.05.28"]
[Round "6.9"]
[White "Goudriaan,E"]
[Black "Leenhouts,K"]
[Result "1/2-1/2"]
[WhiteElo "2321"]
[BlackElo "2384"]

1.d4 Nf6 2.c4 e6 3.Nc3 Bb4 4.Nf3 O-O 5.Bg5 h6 6.Bh4 d5 7.Qb3 Bxc3+ 8.Qxc3 g5
9.Bg3 Ne4 10.Qb3 c5 11.O-O-O b5 12.cxd5 c4 13.Qxb5 Ba6 14.Qb4 Qxd5 15.Nd2 c3
16.bxc3 Nxc3 17.Qxc3 Rc8 18.Bc7 Qb7 19.Nb3 Rxc7 20.Nc5 Nd7 21.Nxb7 Rxc3+
22.Kb2 Rac8 23.Nd6 Rc2+ 24.Kb1 R8c6 25.e4 Rxf2 26.e5 Rb6+ 27.Ka1 Rbb2 28.Bxa6 Rxa2+
29.Kb1 Rxa6 30.Rhf1 Rb6+ 31.Ka1 Ra6+ 32.Kb1 Rb6+ 33.Ka1 Rxf1 34.Rxf1 f6 35.Rc1 Ra6+
36.Kb2 fxe5 37.Rc8+ Kg7 38.Nc4 Kg6 39.Rc7 Nb6 40.Nxe5+ Kf5 41.Rh7 Ke4 42.Rxh6 Kxd4
43.Nf3+ Kd5 44.Rh5 Nc4+ 45.Kb1 Rb6+ 46.Ka1 Ra6+ 47.Kb1 Rb6+ 48.Ka1 e5 49.Rxg5 Ke4
50.h4 Kf4 51.Rg7 e4 52.Rxa7 exf3 53.gxf3 Ke3 54.Rd7 Rb5 55.f4 Nb6 56.Rb7 Kd3
57.h5 Kc3 58.h6 Ra5+ 59.Kb1 Nc4 60.Rc7 Kb3 61.Rb7+ Kc3 62.Rc7 Rh5 63.h7 Rh1+
64.Ka2 Rh2+ 65.Kb1 Kd4 66.f5 Nd2+ 67.Kc2 Ne4+ 68.Kb3 Nf6 69.Rc1 Rxh7 70.Rd1+ Ke5
71.Rf1 Rc7 72.Kb4 Ne4 73.Kb5 Rf7 74.Kc6 Rf6+ 75.Kd7 Rf7+ 76.Kc6 Ng3 77.Re1+ Kxf5
78.Re8 Ne4 79.Rh8 Ke5 80.Rh1 Rf6+ 81.Kb5 Rf2 82.Kc4 Rc2+ 83.Kb4 Rc8 84.Kb5 Nc3+
85.Kb4 Nd5+ 86.Kb3 Kd6 87.Rh7 Rc3+ 88.Kb2 Rg3 89.Rh8 Nb6 90.Kc2 Kc5 91.Kd2 Nd5
92.Ke2 Re3+ 93.Kf2 Re7 94.Ra8 Kd4 95.Ra4+ Kd3 96.Ra3+ Nc3 97.Kf3 Rf7+ 98.Kg4 Kd4
99.Ra8 Nd5 100.Ra1 Ke4 101.Kg5 Rg7+ 102.Kh6 Rg2 103.Ra5 Ke5 104.Kh5 Ke4 105.Kh6 Ne7
106.Kh5 Rg1 107.Ra4+ Kf5 108.Ra5+ Kf6 109.Kh4 Nf5+ 110.Kh3 Kg5 111.Ra4 Kh5
112.Rb4 Rc1 113.Kg2 Rc3 114.Rb5 Kg5 115.Kf2 Rc4 116.Ke2 Kf4 117.Kd3 Rd4+
118.Kc3 Rd8 119.Rb1 Ke4 120.Rh1 Rc8+ 121.Kb4 Kd5 122.Rh5 Rb8+ 123.Kc3 Ke5  1/2-1/2

[Event "Albena Masters Open 2012"]
[Site "Albena BUL"]
[Date "2012.05.29"]
[Round "4.11"]
[White "Xiu Deshun"]
[Black "Qashashvili,A"]
[Result "1/2-1/2"]
[WhiteElo "2494"]
[BlackElo "2299"]

1.d4 Nf6 2.c4 e6 3.Nc3 Bb4 4.Nf3 b6 5.Qc2 Bb7 6.a3 Bxc3+ 7.Qxc3 O-O 8.Bg5 d6
9.Nd2 c5 10.dxc5 bxc5 11.f3 Nbd7 12.e3 a5 13.Bd3 Qb6 14.O-O d5 15.cxd5 exd5
16.Rac1 Ba6 17.Bxf6 Nxf6 18.Bxa6 Rxa6 19.Qxc5 Qxb2 20.Rc2 Qe5 21.Rb1 h6 22.Nf1 Raa8
23.Rb7 Qe6 24.Qb6 Qf5 25.Rcc7 Qd3 26.a4 Qd1 27.Qb3 Qa1 28.Qc2 Qa3 29.Rc3 Qd6
30.Rc6 Qe5 31.Qc3 Qf5 32.Rb5 Rac8 33.Rxa5 d4 34.Rxf5 dxc3 35.Rfc5 Rxc6 36.Rxc6 Ra8
37.Rxc3 Rxa4 38.Rc2 h5 39.e4 g6 40.Kf2 Ra7 41.Ne3 Kg7 42.h4 Rb7 43.Kg3 Ra7
44.Kf4 Rb7 45.Rc8 Nd7 46.Kg3 Rb3 47.Nd5 Nf6 48.Nc3 Rb7 49.Na4 Nd7 50.Nc3 Nf6
51.Ne2 Ra7 52.Nf4 Nd7 53.Rc6 Rb7 54.Nd5 Nf8 55.Ra6 Ne6 56.Ra3 Nc5 57.Rc3 Nd7
58.Kf4 Ra7 59.Nc7 Ra2 60.Rd3 Nc5 61.Rd5 Rc2 62.Ne8+ Kf8 63.Nd6 Ne6+ 64.Kg3 Ke7
65.Nb7 Rc7 66.Na5 Rc5 67.Rxc5 Nxc5 68.Kf4 Ne6+ 69.Ke3 Nc7 70.Nc6+ Kf6 71.Nd4 Na6
72.Kf4 Nc5 73.e5+ Kg7 74.Nc2 f6 75.Nb4 Kf7 76.exf6 Kxf6 77.Nd5+ Kg7 78.Ke5 Kf7
79.Ne3 Nd3+ 80.Kd4 Nf4 81.Ke4 Ne6 82.g3 Nc5+ 83.Kd4 Nd7 84.Nd5 Ke6 85.Ne3 Nf6
86.Nc4 Kf5 87.Nd6+ Ke6 88.Ne4 Ne8 89.Nc3 Nd6 90.Ne2 Nf5+ 91.Ke4 Kf6 92.Kf4 Ng7
93.Nd4 Ne8 94.Nb5 Ng7 95.Nc7 Nf5 96.Nd5+ Ke6 97.Ne3 Nd4 98.Kg5 Kf7 99.f4 Ne6+
100.Kh6 Nd4 101.f5 gxf5 102.Kxh5 Kf6 103.Nd5+ Kg7 104.Nf4 Nf3 105.Nh3 Nd4
106.Nf4 Nf3 107.Ne2 Kh7 108.Nc3 Kg7 109.Nd5 Nd4 110.Ne3 Kf6 111.Kh6 Ne2 112.Nf1 Nd4
113.h5 f4 114.gxf4 Ne6 115.Kh7 Nxf4 116.h6 Kf7 117.Ng3 Ne6  1/2-1/2

[Event "Albena Masters Open 2012"]
[Site "Albena BUL"]
[Date "2012.05.29"]
[Round "4.8"]
[White "Li Shilong"]
[Black "Swapnil,SD"]
[Result "1/2-1/2"]
[WhiteElo "2553"]
[BlackElo "2445"]

1.d4 Nf6 2.c4 e6 3.Nc3 Bb4 4.Nf3 c5 5.e3 O-O 6.Bd3 d5 7.O-O cxd4 8.exd4 dxc4
9.Bxc4 b6 10.Bg5 Bb7 11.Rc1 Bxc3 12.Rxc3 Nbd7 13.Qe2 Qb8 14.Bh4 Nd5 15.Ra3 Qd6
16.Bg3 Qe7 17.Ne5 Nxe5 18.dxe5 Rfc8 19.Bd3 g6 20.Ra4 Nb4 21.a3 Nxd3 22.Qxd3 Rd8
23.Qe3 Qd7 24.Rf4 Qc6 25.f3 Qc2 26.Rh4 Qd2 27.Bf2 Qxe3 28.Bxe3 Rd5 29.Bd4 Rc8
30.Bc3 b5 31.Re1 a6 32.Rf4 Rd3 33.Kf2 Bd5 34.Re3 Rd1 35.h4 Rc4 36.Kg3 Kg7
37.Rxc4 Bxc4 38.Bb4 Rb1 39.Bc3 h6 40.Re4 Bd5 41.Rd4 Ra1 42.Bb4 Rb1 43.Rd2 Rc1
44.Be7 Rc4 45.Kf2 a5 46.Ke3 a4 47.g4 Rc1 48.Rf2 Bb3 49.Rd2 Bd5 50.Bf6+ Kf8
51.Kf2 Rc4 52.Ke3 Rc1 53.h5 g5 54.f4 gxf4+ 55.Kxf4 Rc4+ 56.Kg3 Kg8 57.Rf2 Re4
58.Rc2 Rc4 59.Rd2 Kh7 60.Be7 Re4 61.Rf2 Re3+ 62.Kh4 Rf3 63.Rc2 Bc4 64.Bf6 Kg8
65.Rd2 Bd5 66.Rc2 Bc4 67.Rd2 Bd5  1/2-1/2

[Event "Asian Junior Girls 2012"]
[Site "Tashkent UZB"]
[Date "2012.06.01"]
[Round "3.4"]
[White "Vo Thi Kim Phung"]
[Black "Bhakti,K"]
[Result "1-0"]
[WhiteElo "2155"]
[BlackElo "2208"]

1.d4 Nf6 2.c4 e6 3.Nf3 Bb4+ 4.Nc3 b6 5.Bd2 Bb7 6.e3 Bxc3 7.Bxc3 Ne4 8.Bb4 d6
9.Bd3 O-O 10.O-O f5 11.Rc1 Nd7 12.Be1 Rf6 13.Nd2 Nxd2 14.Qxd2 Qe8 15.f3 Qh5
16.Bg3 a5 17.Be2 g5 18.a3 a4 19.f4 g4 20.Qb4 Ra7 21.Rfd1 Qe8 22.Bf1 Qa8 23.Qc3 Rf7
24.Bh4 Ra5 25.Qd2 Be4 26.Be1 Ra7 27.Qf2 Rg7 28.Qh4 Qf8 29.c5 bxc5 30.dxc5 d5
31.c6 Nf6 32.Bb4 Qf7 33.Rc5 Ra8 34.Bc3 Rg6 35.Be5 Ne8 36.Be2 Qf8 37.Rb5 Nd6
38.Rb4 Bc2 39.Rc1 Bb3 40.Qe1 Qe7 41.Rb7 Rc8 42.g3 Nf7 43.Qb4 Qd8 44.Bc3 Qe8
45.Bb5 e5 46.Re1 Re6 47.fxe5 Ng5 48.Re2 Nf3+ 49.Kf1 Qh5 50.Rf2 Bd1 51.Rg2 Qh3
52.Kf2 Nxh2 53.Bd3 Rf8 54.Rb8 Ree8 55.Rxe8 Rxe8 56.Qf4 Qh5 57.e6 Nf3 58.Qxc7 d4
59.exd4 f4 60.Qf7+ Qxf7 61.exf7+ Kxf7 62.gxf4 h5 63.d5 Rc8 64.Ba6 Rc7 65.Ba5  1-0

[Event "Asian Junior Open 2012"]
[Site "Tashkent UZB"]
[Date "2012.06.02"]
[Round "4.1"]
[White "Khoroshev,N"]
[Black "Narayanan,Sri"]
[Result "1/2-1/2"]
[WhiteElo "2319"]
[BlackElo "2383"]

1.d4 Nf6 2.c4 e6 3.Nc3 Bb4 4.Nf3 c5 5.e3 O-O 6.Bd3 d5 7.O-O Nc6 8.a3 Bxc3
9.bxc3 dxc4 10.Bxc4 Qc7 11.Bd3 e5 12.Qc2 Re8 13.dxe5 Nxe5 14.Nxe5 Qxe5 15.f3 Bd7
16.Re1 Rad8 17.Bf1 Bc6 18.e4 Nd5 19.Bd2 Nf4 20.Rad1 Ne6 21.Bc1 a6 22.Rd2 Rxd2
23.Qxd2 c4 24.Qe3 b5 25.Rd1 Qc7 26.g3 g6 27.Bh3 Rd8 28.Rxd8+ Qxd8 29.Kf2 Qd6
30.Bxe6 Qxe6 31.Qc5 h5 32.Bh6 Kh7 33.Be3 Kg8 34.Qg5 f5 35.Qd8+ Kf7 36.Bc5 Be8
37.Bd4 fxe4 38.Qc7+ Qd7 39.Qe5 Qf5 40.Qxe4 Qxe4 41.fxe4 a5 42.Ke3 Ke6  1/2-1/2

[Event "Mitropa Cup 2012"]
[Site "Sibenik CRO"]
[Date "2012.06.04"]
[Round "5"]
[White "Lenic,L"]
[Black "Shengelia,D"]
[Result "1-0"]
[WhiteElo "2632"]
[BlackElo "2551"]

1.d4 Nf6 2.c4 e6 3.Nf3 Bb4+ 4.Nc3 d5 5.Bg5 h6 6.Bxf6 Qxf6 7.Qa4+ Nc6 8.e3 O-O
9.Be2 Bd7 10.Qc2 dxc4 11.O-O e5 12.dxe5 Nxe5 13.Nd5 Qd6 14.Rfd1 Nxf3+ 15.Bxf3 Bb5
16.b3 Qc5 17.bxc4 Ba5 18.Qf5 Qxc4 19.Ne7+ Kh8 20.Be4  1-0

[Event "1st Grand Europe Open"]
[Site "Golden Sands BUL"]
[Date "2012.06.06"]
[Round "3.20"]
[White "Drenchev,P"]
[Black "Mrdja,M"]
[Result "1/2-1/2"]
[WhiteElo "2496"]
[BlackElo "2372"]

1.d4 Nf6 2.Nf3 e6 3.c4 Bb4+ 4.Nc3 b6 5.Qc2 Bb7 6.a3 Bxc3+ 7.Qxc3 d6 8.g3 Nbd7
9.Bg2 O-O 10.O-O Rc8 11.b4 c5 12.Bb2 Qc7 13.Rac1 Qb8 14.dxc5 bxc5 15.Rfd1 Rfd8
16.Ba1 cxb4 17.axb4 Ne8 18.Qa3 a6 19.Ne1 Bxg2 20.Nxg2 Qb7 21.Ne3 Rc6 22.Rb1 Ra8
23.Bd4 Qc8 24.Qb3 Rb8 25.Ra1 Nc7 26.Qa4 Qb7 27.Rdb1 d5 28.cxd5 Nxd5 29.Nxd5 exd5
30.e3 h6 31.Qa5 Qb5 32.Qxb5 Rxb5 33.Ra4 Nf8 34.Rd1 Ne6 35.Rd2 Rc4 36.Rxa6 Nxd4
37.exd4 Rbxb4 38.Ra3 Rxd4  1/2-1/2

[Event "5th Mayors Cup 2012"]
[Site "Mumbai IND"]
[Date "2012.06.07"]
[Round "1.12"]
[White "Vinay,Vijaykumar"]
[Black "Grover,S"]
[Result "0-1"]
[WhiteElo "1698"]
[BlackElo "2506"]

1.d4 Nf6 2.c4 e6 3.Nc3 Bb4 4.Nf3 Bxc3+ 5.bxc3 b6 6.Ba3 Bb7 7.e3 d6 8.Bd3 c5
9.Rb1 O-O 10.dxc5 dxc5 11.Bxc5 Bxf3 12.Bxh7+ Kxh7 13.Qxf3 Qd3 14.Rd1 Qxc3+
15.Rd2 bxc5  0-1

[Event "5th Mayors Cup 2012"]
[Site "Mumbai IND"]
[Date "2012.06.08"]
[Round "3.13"]
[White "Podolchenko,E"]
[Black "Kunal,M"]
[Result "1-0"]
[WhiteElo "2464"]
[BlackElo "2250"]

1.d4 Nf6 2.c4 e6 3.Nc3 Bb4 4.Nf3 b6 5.Bg5 h6 6.Bh4 Bb7 7.e3 Bxc3+ 8.bxc3 d6
9.Nd2 Nbd7 10.f3 Qe7 11.e4 e5 12.Qa4 O-O 13.Bd3 Rfd8 14.Qc2 Nf8 15.Bf2 N6d7
16.O-O Ng6 17.g3 Nh8 18.Rae1 f6 19.Be3 Nf7 20.h4 Bc8 21.Rf2 exd4 22.cxd4 c5
23.d5 Nde5 24.Be2 h5 25.Nf1 Bd7 26.Nh2 a6 27.f4 Ng4 28.Nxg4 Bxg4 29.Bd3 Rdb8
30.Bd2 b5 31.Bc3 b4 32.Bb2 Qd7 33.e5 dxe5 34.fxe5 Nxe5 35.Bxe5 fxe5 36.Bh7+ Kh8
37.Bf5 Qd6 38.Bxg4 hxg4 39.Rf5 e4 40.Kg2 Re8 41.Rxe4 Rxe4 42.Qxe4 Kg8 43.Qxg4 Re8
44.h5 a5 45.Kh3 a4 46.Rf3 b3 47.axb3 a3 48.Rf2 Ra8 49.Ra2 Ra6 50.Qc8+ Kh7
51.Qe6 Qxe6+ 52.dxe6 Rxe6 53.Rxa3 Kh6 54.Ra5  1-0

[Event "OKU Open GpA 2012"]
[Site "Utrecht NED"]
[Date "2012.06.09"]
[Round "3.1"]
[White "Goudriaan,E"]
[Black "Andersson,U"]
[Result "1/2-1/2"]
[WhiteElo "2321"]
[BlackElo "2571"]

1.d4 Nf6 2.c4 e6 3.Nc3 Bb4 4.Nf3 b6 5.e3 Bb7 6.Bd3 O-O 7.O-O c5 8.Na4 cxd4
9.exd4 Be7 10.Re1 d6  1/2-1/2

[Event "19th Metropolitan IM"]
[Site "Los Angeles USA"]
[Date "2012.06.10"]
[Round "9"]
[White "Shen,V"]
[Black "Amanov,Z"]
[Result "1-0"]
[WhiteElo "2333"]
[BlackElo "2401"]

1.d4 Nf6 2.c4 e6 3.Nf3 Bb4+ 4.Nc3 b6 5.e3 Bb7 6.Bd3 c5 7.O-O O-O 8.Na4 Na6
9.d5 d6 10.e4 exd5 11.cxd5 Qe8 12.a3 Ba5 13.Bf4 Nxe4 14.b4 cxb4 15.Re1 f5
16.Bxd6 bxa3 17.Re3 Rf6 18.Bxa3 Nb4 19.Bxe4 fxe4 20.Nc3 Qg6 21.Nxe4 Rf4 22.Ne5 Qf5
23.Ng3 Qc2 24.Ne2 Rf6 25.d6 Rd8 26.d7 Qf5 27.f4 Nd5 28.Rf3 Qe4 29.Ng3 Qe1+
30.Qxe1 Bxe1 31.Rxe1 b5 32.Ne4 Re6 33.Nc5 Rb6 34.Nc4  1-0

[Event "1st Grand Europe Open"]
[Site "Golden Sands BUL"]
[Date "2012.06.11"]
[Round "8.11"]
[White "Stocek,J"]
[Black "Tunik,G"]
[Result "0-1"]
[WhiteElo "2595"]
[BlackElo "2429"]

1.d4 Nf6 2.c4 e6 3.Nc3 Bb4 4.Nf3 b6 5.Qb3 c5 6.Bg5 Bb7 7.e3 O-O 8.dxc5 Bxc5
9.Be2 Be7 10.Rd1 Na6 11.Rd4 h6 12.Bh4 Ne8 13.Bxe7 Qxe7 14.O-O Nf6 15.Rfd1 Rfd8
16.Qc2 e5 17.Rd6 Nc5 18.Qf5 Ne8 19.R6d2 d6 20.b4 Nd7 21.Nd5 Bxd5 22.Rxd5 Ndf6
23.R5d2 a5 24.a3 axb4 25.axb4 g6 26.Qb1 Rd7 27.g3 Rda7 28.h4 Kg7 29.Bf1 Qc7
30.Ne1 Ra4 31.Bg2 R8a7 32.Rc2 Qc8 33.Nd3 Qf5 34.Rcd2 Ne4 35.Bxe4 Qxe4 36.c5 Ra1
37.Qxa1 Rxa1 38.Rxa1 bxc5 39.bxc5 Qd5 40.Rdd1 dxc5 41.Rac1 c4 42.Nb2 Qe4
43.Nxc4 Nf6 44.Nd6 Qa4 45.Ra1 Qc2 46.Rdc1 Qd3 47.Nxf7 Kxf7 48.Ra7+ Ke6 49.Rc6+ Kf5
50.Rf7 Kg4 51.Kh2 Nd7 52.Rc7 Nb6 53.Rc5 Nc4 54.Kg2 g5 55.hxg5 hxg5 56.Rf6 Nd2
57.Rc1 Qd5+ 58.Kh2 Nf3+ 59.Rxf3 Kxf3  0-1

[Event "Teplice Open 2012"]
[Site "Teplice CZE"]
[Date "2012.06.19"]
[Round "4.20"]
[White "Olsen,P"]
[Black "Kudla,R"]
[Result "1/2-1/2"]
[WhiteElo "2225"]
[BlackElo "2025"]

1.d4 Nf6 2.c4 e6 3.Nc3 Bb4 4.Nf3 b6 5.g3 Bb7 6.Bg2 O-O 7.O-O Bxc3 8.bxc3 c5
9.dxc5 bxc5 10.Rb1 Be4 11.Rb5 a6 12.Rb2 Nc6 13.Ng5 Bxg2 14.Kxg2 Na5 15.Qd3 d5
16.cxd5 Qxd5+ 17.Nf3 Rfd8 18.Qxd5 Nxd5 19.Rc2 Nc4 20.e4 Ndb6 21.Re1 Na4 22.Nd2 Nab6
23.Nb3 Na4 24.Nd2 Nab6 25.Nb3 Na4 26.Nd2 Nab6  1/2-1/2

[Event "TCh-POR Div 1 Final"]
[Site "Matosinhos POR"]
[Date "2012.06.22"]
[Round "2.5.2"]
[White "Dias,P"]
[Black "Andres Gonzalez,I"]
[Result "1-0"]
[WhiteElo "2440"]
[BlackElo "2324"]

1.c4 Nf6 2.Nc3 e6 3.d4 Bb4 4.Nf3 d5 5.cxd5 exd5 6.Bg5 c6 7.e3 Nbd7 8.Bd3 Qa5
9.Qc2 c5 10.O-O c4 11.Bf5 O-O 12.Ne5 Nxe5 13.dxe5 Bxc3 14.exf6 Bxf5 15.Qxf5 Bxb2
16.Rad1 c3 17.Rxd5 Qxa2 18.Bh6 g6 19.Qg5 c2 20.Bxf8 Rxf8 21.Rc5 Qb1 22.e4 h6
23.Qxh6 Bxf6 24.Qd2 c1=Q 25.Rfxc1 Qxe4 26.g3 Rd8 27.Rc8 Rxc8 28.Rxc8+ Kg7
29.Rc7 Qb1+ 30.Kg2 Be5 31.Re7 Bf6 32.Rc7 Be5 33.Rd7 Qe4+ 34.f3 Qb1 35.Qe2 Kf6
36.f4  1-0

[Event "Teplice Open 2012"]
[Site "Teplice CZE"]
[Date "2012.06.23"]
[Round "8.27"]
[White "Furman,Bo"]
[Black "Fiala,Ji"]
[Result "1-0"]
[WhiteElo "2285"]
[BlackElo "2024"]

1.d4 Nf6 2.c4 e6 3.Nc3 Bb4 4.Nf3 b6 5.Bg5 Bb7 6.e3 h6 7.Bh4 O-O 8.Bd3 d5
9.cxd5 exd5 10.O-O Bxc3 11.bxc3 Re8 12.c4 c6 13.cxd5 cxd5 14.Ne5 g5 15.Bg3 Ne4
16.Qh5 Rxe5 17.Bxe5 Qf8 18.f4 f6 19.fxg5  1-0

[Event "HSG Open A 2012"]
[Site "Hilversum NED"]
[Date "2012.06.24"]
[Round "5.5"]
[White "Goudriaan,E"]
[Black "Brink,B"]
[Result "1-0"]
[WhiteElo "2321"]
[BlackElo "2201"]

1.d4 Nf6 2.c4 e6 3.Nc3 Bb4 4.Nf3 c5 5.g3 Bxc3+ 6.bxc3 Qa5 7.Bd2 b6 8.Bg2 Bb7
9.O-O O-O 10.Qc2 Rc8 11.d5 Qa6 12.Bg5 Ne8 13.Bf4 h6 14.Nd2 Rd8 15.a4 exd5
16.a5 bxa5 17.Nb3  1-0

[Event "40th TCh-GRE 2012"]
[Site "Achaea GRE"]
[Date "2012.07.01"]
[Round "2.7"]
[White "Kolyvas,Aris"]
[Black "Alexakis,Georgios"]
[Result "1/2-1/2"]
[WhiteElo "1381"]
[BlackElo "1650"]

1.d4 Nf6 2.c4 e6 3.Nc3 Bb4 4.Nf3 d5 5.Bg5 Nbd7 6.cxd5 exd5 7.e3 c6 8.Bd3 O-O
9.O-O h6 10.Bh4 Re8 11.Rc1 Bxc3 12.bxc3 b5 13.Nd2 Qb6 14.Qc2 Bb7 15.Rb1 Qc7
16.Bg3 Qd8 17.a4 a6 18.e4 dxe4 19.Nxe4 Nxe4 20.Bxe4 Nb6 21.axb5 axb5 22.Bd3 Ba6
23.Rfe1 Nc4 24.Bxc4 bxc4 25.h3 Bb5 26.Ra1 Qd7 27.Rxe8+ Rxe8 28.Qa2 f6 29.Qa7 Re1+
30.Kh2 Qxa7 31.Rxa7 Rc1 32.Ra3 Kf7 33.Bf4 Rc2 34.Be3 Ke6 35.Kg3 Kd5 36.Kf3 Rb2
37.g3 Rb3 38.Bc1 c5 39.dxc5 Kxc5 40.h4 Kd6 41.Ke2 g5 42.hxg5 fxg5 43.g4 Rxa3
44.Bxa3+ Ke5 45.Bc1 Bd7 46.f3 Ba4 47.Bd2 Bc2 48.Bc1 Bd3+ 49.Ke3 Bc2 50.Ba3 Kf6
51.Kf2 Bd1 52.Kg3 Be2 53.Bb4  1/2-1/2

[Event "40th TCh-GRE 2012"]
[Site "Achaea GRE"]
[Date "2012.07.01"]
[Round "3.15"]
[White "Khetsuriani,B"]
[Black "Babalikis,A"]
[Result "1-0"]
[WhiteElo "2336"]
[BlackElo "1585"]

1.Nf3 Nf6 2.c4 e6 3.d4 Bb4+ 4.Nc3 O-O 5.e3 d6 6.Bd3 Nc6 7.O-O e5 8.Ne4 Ba5
9.a3 Bb6 10.dxe5 Nxe5 11.Nxe5 dxe5 12.Nxf6+ Qxf6 13.Qc2 c6 14.Bxh7+ Kh8 15.Be4 Qe7
16.g3 f5 17.Bg2 g5 18.b4 f4 19.Qe2 Qf6 20.exf4 gxf4 21.Bb2 Bd4 22.Bxd4 exd4
23.Be4 f3 24.Qd2 Bh3 25.Rfe1 Rad8 26.a4 Kg7 27.Ra3 Bg2 28.Bd3 Rde8 29.Raa1 Re5
30.Rxe5 Qxe5 31.Re1 Qh5 32.Re7+ Kf6 33.Rh7  1-0

[Event "40th TCh-GRE 2012"]
[Site "Achaea GRE"]
[Date "2012.07.01"]
[Round "3.1"]
[White "Kolyvas,Aris"]
[Black "Tsolakidou,Stavroula"]
[Result "1/2-1/2"]
[WhiteElo "1381"]
[BlackElo "1845"]

1.d4 Nf6 2.c4 e6 3.Nc3 Bb4 4.Nf3 O-O 5.Bg5 d5 6.e3 Nbd7 7.cxd5 exd5 8.Bd3 c6
9.O-O Re8 10.Qc2 h6 11.Bh4 Bd6 12.e4 dxe4 13.Nxe4 Be7 14.Rfe1 Nxe4 15.Rxe4 Bxh4
16.Rxh4 Nf6 17.h3 Be6 18.Bc4 Bd5 19.Bxd5 Qxd5 20.Rf4 Re7 21.Rf5 Qe4 22.Qxe4 Rxe4
23.Re5 Re8 24.Rxe8+ Rxe8 25.Kf1 Nd5 26.g3 Re4 27.a3 g5 28.Rd1 f6 29.Rd3 h5
30.Nd2 Re6 31.Nc4 Kf7 32.Ne3 Nb6 33.Ke2 f5 34.Kd2 f4 35.gxf4 gxf4 36.Ng2 Nd5
37.Rf3 Rf6 38.Rb3 b6 39.Nh4 Re6 40.Nf3 Kf6 41.Kd3 Ke7 42.Ne5 Kd6 43.Nc4+ Kc7
44.Ne5  1/2-1/2

[Event "9th Philadelphia International"]
[Site "Philadelphia USA"]
[Date "2012.07.01"]
[Round "6"]
[White "Battaglini,G"]
[Black "Getz,A"]
[Result "1-0"]
[WhiteElo "2412"]
[BlackElo "2321"]

1.d4 Nf6 2.c4 e6 3.Nc3 Bb4 4.Nf3 O-O 5.Bg5 d5 6.e3 h6 7.Bh4 Nbd7 8.Bd3 b6
9.cxd5 exd5 10.O-O Bb7 11.Rc1 a6 12.Ne5 Be7 13.f4 c5 14.Qf3 Re8 15.Bf5 Nf8
16.Rfd1 cxd4 17.exd4 Qd6 18.Na4 Ne4 19.Bxe7 Rxe7 20.Qb3 b5 21.Nc5 Nxc5 22.dxc5 Qf6
23.Qh3 g6 24.Ng4 Qxb2 25.c6 h5 26.Qh4 hxg4 27.Qxe7 Bxc6 28.Rxc6 gxf5 29.Qg5+ Ng6
30.Qxf5 Qe2 31.Rf1 Qxg2+ 32.Kxg2 Nh4+ 33.Kf2 Nxf5 34.Rg1 g3+ 35.hxg3 b4 36.Rgc1 Ne7
37.Rc7 Kf8 38.Re1 Ng8 39.Rec1 Ne7 40.Rb7 Nf5 41.Rxb4 Kg7 42.g4 Nd6 43.Rc6 Ne4+
44.Ke3 Re8 45.Kd4 Nf2 46.Rxa6 Nxg4 47.Kxd5 Nf6+ 48.Rxf6 Kxf6 49.a4 Ra8 50.Kc6 Ke6
51.Kb7 Ra5 52.Re4+ Kd6 53.Kb6 Ra8 54.Rd4+ Ke6 55.a5 Rb8+ 56.Kc7 Ra8 57.Ra4 Kf5
58.a6  1-0

[Event "40th TCh-GRE 2012"]
[Site "Achaea GRE"]
[Date "2012.07.03"]
[Round "5.4"]
[White "Kolyvas,Aris"]
[Black "Betsakos,Konstantinos"]
[Result "1-0"]
[WhiteElo "1381"]
[BlackElo "1407"]

1.d4 Nf6 2.c4 e6 3.Nc3 Bb4 4.Nf3 O-O 5.Bg5 h6 6.Bh4 d6 7.e3 Qe7 8.Bd3 e5
9.dxe5 dxe5 10.Nd2 Bxc3 11.bxc3 Rd8 12.Bc2 Nc6 13.O-O e4 14.h3 g5 15.Bg3 Qa3
16.Qe2 Qxc3 17.Nxe4 Nxe4 18.Bxe4 Be6 19.Rfc1 Qa5 20.Qf3 Ne5 21.Qf6 Nxc4 22.Qxh6 Nd2
23.Qh7+ Kf8 24.Bxc7 Qb4 25.Bxd8 Rxd8 26.Bf5 Bd5 27.Qh8+ Ke7 28.Qc3 Qxc3 29.Rxc3 Kf6
30.Rd3 Nc4 31.Be4 Nb6 32.Rad1 Ke5 33.Bxd5 Nxd5 34.f3 f5 35.g4 fxg4 36.hxg4 Nc3
37.Rxd8  1-0